LEADER 00856nam a2200169 i 4500 001 000000249029 003 CaOOAMICUS 005 20160428000000.0 008 160428s1854 xx u000 u fre u 013 $a227934 040 $aSeMil$bita 245 10$aAtlas 2., Chronometrie, Geologie, Geometrie, Hydrostatique, Histoire naturelle, Metallurgie, Art militaire, Musique. 300 $a1 v. di tav. :$bill. 773 0 $tEncyclopédie moderne.$bNouvelle édition / publiée par mm. Firmin Didot frères ; sous la direction de m. Léon Renier.$dParis : Firmin Didot frères, 1846-1854.$w()5142 850 $aSeMil 852 $aSeMil$W1$xVenegono$y1$m1D VI 29 FA$j199375$B199375$CSeMilBibl$Z2$F210809 $8I 996 $6245$aAtlas 2., Chronometrie, Geologie, Geometrie, Hydrostatique, Histoire naturelle, Metallurgie, Art militaire, Musique$9(OLS)http://semarc/title/351306 LEADER 00507nas a2200169 i 4500 001 000000193810 003 CaOOAMICUS 005 20101125000000.0 008 101125b1878 it uu u0 0ita r 013 $a172454 040 $aSeMil$bita 245 10$a[1878 :$b1]. 774 0 $t[Gennaio-Giugno].$w()273959 850 $aSeMil 852 $aSeMil$W1$xVenegono$y1$m111 1 11$j144384$B144384$CSeMilBibl$Z2$F156861 $82 961 $aRecupero: Scuola Cattolica 996 $6245$a[1878 :$b1]$9(OLS)http://semarc/title/279417